000 00883-am-a2200193-a-4500
001 YSU0183735
003 AM-YeHGA
005 20250617163254.0
008 001204s1960 xxu 000 0 rus u
020 _c07.25
040 _aAM-YeHGA
100 1 0 _aЧечулин, Анатолий Аркадьевич
245 1 0 _aФизика атома, атомного ядра и элементарных частиц :
_bУчебное пособие по оющему курсу физики /
_cА.А. Чечулин ; М-во высш. и ср. спец. обр. РСФСР ; Северо-Западный заочный политехнический ин-т
260 0 _aЛ. :
_bБ. и. ,
_c1960.
300 _a152 с.
650 4 _aАтомная физика
710 2 _aСеверо-Западный заочный политехнический ин-т
090 _c507490
999 _c504073
_d504073